00540nam a22001817a 450000100060000000300080000600500170001400800410003103500190007204000260009104100080011708200220012524500750014726000460022230000370026865000310030570000220033631048BD-RjUL20211209051643.0140413s1976 un a|||| |||| 000 0 eng d a(BD-RjUL)31135 aBD-RjULbengcBD-RjUL aeng bEXP 1976a153.153 aExperimental psychobiology : ba laboratory manual /cBenjamin L Hart aSan Francisco : bW.H. Freeman, c©1976. aviii, 131 p. : bill. ; c28 cm. aExperimental psychobiology1 a Hart Benjamin L